[Event "Girona-ch"]
[Site "Blanes"]
[Date "2015.??.??"]
[Round "8"]
[White "Jorda Ottens, Marc"]
[Black "Vigueras Ruiz, Francisco"]
[Result "1-0"]
[WhiteElo "1818"]
[BlackElo "1684"]
[PlyCount "48"]
[EventDate "2015.09.27"]
[EventType "swiss"]
[EventRounds "9"]
[EventCountry "ESP"]
[SourceTitle "EXT 2017"]
[Source "ChessBase"]
[SourceDate "2016.10.25"]
[SourceVersion "1"]
[SourceVersionDate "2016.10.25"]
[SourceQuality "1"]

1. d4 d5 2. Nf3 Nf6 3. e3 e6 4. Bd3 Bd6 5. Nbd2 0-0 6. Qe2 c6 7. e4 dxe4 8. Nxe4 h6 9. Nxf6+ Qxf6 10. Qe4 Qf5 11. Qe2 Qf6 12. Bd2 Re8 13. 0-0 Bd7 14. h3 Na6 15. Bxa6 bxa6 16. Qxa6 Qg6 17. Qd3 Qh5 18. a4 Rad8 19. Ne5 Bc8 20. Ba5 Bb7 21. Bxd8 Rxd8 22. Qf3 Qf5 23. Qxf5 exf5 24. a5 Bb4 1-0

[Event "Girona-ch"]
[Site "Blanes"]
[Date "2015.??.??"]
[Round "4"]
[White "Vinolas Anglada, Laura"]
[Black "Jorda Ottens, Marc"]
[Result "0-1"]
[WhiteElo "1691"]
[BlackElo "1818"]
[PlyCount "38"]
[EventDate "2015.09.27"]
[EventType "swiss"]
[EventRounds "9"]
[EventCountry "ESP"]
[SourceTitle "EXT 2017"]
[Source "ChessBase"]
[SourceDate "2016.10.25"]
[SourceVersion "1"]
[SourceVersionDate "2016.10.25"]
[SourceQuality "1"]

1. e4 e6 2. d4 c6 3. Nd2 d5 4. e5 c5 5. c3 Nc6 6. Nb3 cxd4 7. cxd4 Nge7 8. f4 Nf5 9. Nf3 Qb6 10. g3 Bb4+ 11. Bd2 Ncxd4 12. Nfxd4 Nxd4 13. Nxd4 Qxd4 14. Bxb4 Qxb4+ 15. Qd2 Qe4+ 16. Qe2 Qxh1 17. Qb5+ Kd8 18. Qe2 Qe4 19. Qxe4 dxe4 0-1